00815cpmaa2200241 4500001001300000003000400013005001700017008004100034010001700075040002400092041001800116072001200134100003400146245004100180300001300221300001800234506002200252520018600274546005900460650002300519650001400542999001700556mm 81060099 DLC20260227111710.0811028|||||||||||| eng  amm 81060099  aDLCcDLCedacsdDLC aengagrealat 7aC2lcmd1 aBaker, B.,dactive 1710-1711.00aCommonplace-book of B. Baker,f1711. a1fitem. a1fcontainer.0 aOpen to research.8 aCommonplace-book (428 pages) of passages and extracts from various ancient and modern authors relating to questions of religion, morality, the conduct of life, etc. Includes index. aCollection material in English, with Greek, and Latin. 0aCommonplace books. 0aReligion. c43257d43257